00786nam a2200241Ia 4500001000600000003000900006008004100015040001300056040001300069041001200082100002300094100002900117245004100146245004700187250001100234260002400245260001400269260004900283300005900332500009800391650002400489650003100513E7465IT-RoPAU130308s9999 xx 000 0 und d aIT-RoPAU cIT-RoPAU aINGLESE aMeyerhold Vsevolod gCodice Aut. SPICS: 3806 aFirst attempts at a stylized theatre bTwentieth-Century Performance Reader (The) a1a ed. aLONDON AND NEW YORK bRoutledge c1996 [1° Ed.:1996 - Ed.Ling.Originale:1908] a"10 p. (prefazione: no ; testo: 10 [pagine: 264-275])" aPrimi tentativi Verso un Teatro Stilizzato. nuove forme di relazione tra le forze del Teatro. aLINGUAGGIO TEATRALE eCodice materia Spics: 8404